Advanced inorganic chemistry (Record no. 2836)

000 -LEADER
fixed length control field 00571nam a2200241u 4500
001 - CONTROL NUMBER
control field 2836
003 - CONTROL NUMBER IDENTIFIER
control field BD-DhUET
008 - FIXED-LENGTH DATA ELEMENTS--GENERAL INFORMATION
fixed length control field 890901s1965 ii 000 0 eng
020 ## - INTERNATIONAL STANDARD BOOK NUMBER
International Standard Book Number 8121902630
040 ## - CATALOGING SOURCE
Original cataloging agency DLC
Transcribing agency DLC
Modifying agency BD-DhUET
082 ## - DEWEY DECIMAL CLASSIFICATION NUMBER
Classification number 546
Item number PRA/2000
100 ## - MAIN ENTRY--PERSONAL NAME
Personal name Prakash, Satya
245 00 - TITLE STATEMENT
Title Advanced inorganic chemistry
250 ## - EDITION STATEMENT
Edition statement 1st ed.
260 ## - PUBLICATION, DISTRIBUTION, ETC. (IMPRINT)
Place of publication, distribution, etc. New York
Name of publisher, distributor, etc. S. Chand
Date of publication, distribution, etc. 2000
300 ## - PHYSICAL DESCRIPTION
Extent xvi, 1157p.
Other physical details ill.
500 ## - GENERAL NOTE
General note Vol. I
650 #0 - SUBJECT ADDED ENTRY--TOPICAL TERM
Topical term or geographic name as entry element Chemistry
700 ## - ADDED ENTRY--PERSONAL NAME
Personal name Tuli, G. D.
700 ## - ADDED ENTRY--PERSONAL NAME
Personal name Basu, S. K.
700 ## - ADDED ENTRY--PERSONAL NAME
Personal name Madan, R. D.
942 ## - ADDED ENTRY ELEMENTS (KOHA)
Koha item type General Book
Holdings
Price effective from Piece designation (barcode) Source of classification or shelving scheme Withdrawn status Location (home branch) Koha item type Date acquired Koha renewals Koha full call number Shelving location Damaged status Lost status Sublocation or collection (holding branch) Copy number Not for loan Koha date last seen Koha issues (times borrowed) Koha normalized classification for sorting Koha date last borrowed
2014-10-1296435  Central Library, BUETGeneral Book2014-10-122546/PRA/2000Circulation section  Central Library, BUET1 2024-05-265546_000000000000000_PRA_20002024-04-27
2014-11-0996433  Central Library, BUETGeneral Book2014-11-091546/PRA/2000Circulation section  Central Library, BUET2 2020-02-2412546PRA20002020-02-23
2015-06-1696431  Central Library, BUETReading Item2015-06-16 546/PRA/2000Reading section  Central Library, BUET3 2015-06-16 546_000000000000000_PRA_2000 
2015-12-2896434  Central Library, BUETGeneral Book2015-12-28 546/PRA/2000Circulation section  Central Library, BUET4 2019-09-016546_000000000000000_PRA_20002019-08-24